000 00445nam a2200181Ia 4500
003 OSt
005 20220616092234.0
008 210210b1954 xxu||||| |||| 00| 0 eng d
040 _cAL
041 _aeng
082 _a829/256
100 _aDICKENS (C)
_943018
245 _aDavid Copperfield: Herbert Strang Ed
260 _aLondon
_bOxford University Press
_c1954
690 _aEnglish Fiction
_943019
906 _a016861
942 _2ddc
_cBK
999 _c136730
_d136730